Quizzes
Events
Quiz Creation
Community
Videos
Private Events
Remove Ads
Sign In
Join for FREE
Feedback
Dark Mode
Quiz Categories
Sports
Geography
Music
Movies
Television
Just For Fun
Miscellaneous
History
Literature
Language
Science
Gaming
Entertainment
Religion
Holiday
For Kids
Quiz Lab
Recent
Popular Today
Quiz Kudos Today
Editor Picks
Curator Picks
Quizzes by...
Day
Popularity
Type
Ratings
Length
Year
Community
Subscriptions
Recent Discussions
Orange Saloon
Badges
Playlists
Quests
Create
Leaderboards
Showdown
Live 5
Trivia Bingo
Activity
Puzzle Library
Sporcle Events
Private Events
Virtual Trivia
Globe League
Become a Host
Pub Owners
SporcleCon
Opinionation
Our Games
Videos
Blog
Mobile Apps
Partnerships
Remove Ads and Go Orange
Feedback
Movies
Disney
Marvel Cinematic Universe
Movie Resume
Movie Titles
Oscar
Actor
Actress
Director
Pixar
Role
Movie Quotes
Movie Characters
Box Office
Nominee
Best Picture
Star Wars
James Bond
Horror Movies
Movies
Disney
Marvel Cinematic Universe
Movie Resume
Movie Titles
Oscar
Actor
Actress
Director
Pixar
Role
Movie Quotes
Movie Characters
Box Office
Nominee
Best Picture
Star Wars
James Bond
Horror Movies
Random Quiz
Search Sporcle
×
Quiz Lab
Quiz Lab
Movies
Actor
Type in answers that appear in a list
Type in answers that appear in a list
Classic
Best Score? Go Orange.
Can You These Films Stats
Can you name the Best Movies According to Me??
By
dgus
15m
55 Questions
291 Plays
291 Plays
291 Plays
Comments
Comments
Give Quiz Kudos
Give Quiz Kudos
-
- Ratings
hide this ad
Replay
Link that replays current quiz
Next Quiz
Link to next quiz in quiz playlist
You Got
0%
They Got
Avg Score
37%
Avg Friend Score
Upgrade to see
Score Distribution
Jump to the score distribution portion of the page
Score
0/55
Timer
15:00
0
Plays Today
Year
Movie
% Correct
2007
Transformers
80.1%
2002
Spider-Man
76.6%
2008
The Dark Knight
73.9%
1979
Alien
67.7%
1994
Pulp Fiction
64.6%
1997
Titanic
62.9%
2003
Pirates of the Caribbean: The Curse of the Black Pearl
62.2%
2006
The Departed
61.5%
2004
Million Dollar Baby
60.8%
1986
Aliens
60.1%
2008
Gran Torino
59.5%
2007
Superbad
55.7%
2001
Monsters Inc
51.2%
1978
Animal House
50.2%
2005
The 40 Year Old Virgin
49.8%
1984
Beverly Hills Cop
49.1%
2009
The Hangover
48.5%
1990
Goodfellas
48.1%
1993
Jurassic Park
47.4%
1975
Jaws
47.1%
1987
Lethal Weapon
44.3%
2004
The Incredibles
43.6%
1996
Twister
41.2%
2007
American Gangster
40.5%
1995
Heat
39.5%
1975
Monty Python and the Holy Grail
38.8%
2008
Indiana Jones and the Kingdom of the Crystal Skull
38.5%
2006
Blood Diamond
38.1%
Year
Movie
% Correct
1992
Reservoir Dogs
37.5%
1979
Apocalypse Now
36.1%
1994
Dumb and Dumber
35.4%
2007
Hot Rod
34.7%
2005
King Kong
33.3%
1995
Se7en
32.6%
1987
Predator
32.3%
1975
Dog Day Afternoon
32.3%
2000
Almost Famous
32%
2009
Inglourious Basterds
31.3%
1996
The Rock
28.2%
1998
Armageddon
25.8%
1980
Airplane
24.7%
1997
LA Confidential
21.6%
2003
Once Upon a Time in Mexico
20.3%
1993
True Romance
18.2%
2007
3:10 to Yuma
13.1%
2005
Green Street Hooligans
10.7%
2000
Vertical Limit
9.3%
2008
RocknRolla
8.9%
2009
The Boat That Rocked
7.6%
1996
The Birdcage
7.2%
2005
Domino
6.9%
2001
3000 Miles to Graceland
5.5%
2000
Reindeer Games
5.5%
2006
Smokin' Aces
5.2%
1997
The Castle
4.5%
Quiz Playlist
Details
Report
Send in Message
Add To Playlist
Classic:
Type in answers that appear in a list
Last Updated: Feb 16, 2017
Quiz Scoreboard
CHALLENGE
Sign Up to Join the Scoreboard
Show All
Scores
Hide
Comments
May contain spoilers
Recently Published
Street Fighter Characters
by Artimus82
Gaming
60s
9x9 Crossword: Cartoon Network
by jackfrog10
Miscellaneous
3m
College Basketball Coaching Resumes
by pancakes188
Sports
9m
More to Explore
Quiz From the Vault
Featured Blog Post
Where Did the Easter Bunny Come From?
hide this ad
You Might Also Like...
Tags
Actor Quiz
Actress Quiz
Movie Titles Quiz
Today's Top Quizzes in Movies
Browse Movies
hide this ad
Today's Top Quizzes in Actor
Browse Actor
Top Contributed Quizzes in Movies
1
Pick 5 Posters: Directed by Spielberg
2
7-to-1: Pixar Characters
3
Pick 5 Posters: Lowest-Rated Spielberg
4
Hidden Star Wars Character II
5
Sorting Actors
6
Sorting Actresses
7
Pick 5 Posters: Directed by Scorsese
8
Hidden Star Wars Character III
9
Pick 5 Posters: Star & Director
10
Hidden Star Wars Character IV
Explore More
Trending Topics
NBA
Kpop
Disney
Harry Potter
Anime
Marvel
Crossword
Pokémon
Soccer
Country
The Office
Song
NFL
WWE
Puzzle
hide this ad
More By:
dgus
Quiz
Plays
Rating
Category
Featured
Created
Name the Odd One Out
3,135
2.67
Movies
Nov 13, 2009
AFI & IMDB Top Movies
434
5.00
Movies
Nov 8, 2009
Movies Based on Novels of the Same Name
397
3.00
Movies
Oct 29, 2009
Can You These Films
291
1.92
Movies
Nov 6, 2009
Movie Franchise Actors
260
1.00
Movies
May 18, 2010
Go to Creator's Profile
Score Distribution
Quiz Creator Spotlight
dgus
Follow
Send a Message
Quizzes Created
-
Created Quiz Play Count
-
More By This Creator
Popular Quizzes Today
1
Find the US States - No Outlines Minefield
2
Find the Countries of Europe - No Outlines Minefield
3
The Countries of the World
4
Find the US States
5
Risky Map Clicking: Biggest States A-Z
6
US States
7
Popular People in 1961
8
Movies - When Are They Set?
More Movies Quizzes
4 Movies, 1 Thing in Common XVII
Published
Trending Quizzes
Risky Map Clicking: Least Populous States A-Z
1-10 Letter G Words
Risky Map Clicking: Next State Alphabetically
Adjectives in 80s TV Shows
The Seven Year Switch: Catherine
Recently Updated
Leaping Animals
pecheneg
Reality TV Shows (A-Z)
bhenderson79
Rickey Henderson's Hall of Fame Teammates
pecheneg
Champions League XIs: Arsenal
pecheneg
Quick Pick: Celebrities in WWE's Hall of Fame
aduchscher
A-Z Keypad Blitz II
pecheneg
Multiple Oscar Actors
pecheneg
Mystery Phrase Blitz: Oscar 'Best Actors'
pecheneg
F. Scott Fitzgerald Novels
LTH
Pick 3 Villains
ddd62291
Trending Topics
Anime
Marvel
Crossword
Disney
Kpop
NBA
Harry Potter
WWE
Soccer
The Office
Country
Puzzle
Song
NFL
Pokémon
Your Account Isn't Verified!
In order to create a playlist on Sporcle, you need to verify the email address you used during registration. Go to your
Sporcle Settings
to finish the process.
Report this User
Report this user for behavior that violates our
Community Guidelines
.
Details:
Send Report
Go to the Sporcle.com Mobile Site →
Comments